NBA 2010's Top Point Scorers - Statistics

General Stats
  • This quiz has been taken 136 times
  • The average score is 15 of 20
Answer Stats
Points Player % Correct
19,372 LeBron James
99%
16,030 Stephen Curry
97%
19,767 James Harden
95%
18,534 Kevin Durant
95%
17,820 Russell Westbrook
91%
12,455 Dwyane Wade
84%
11,875 Chris Paul
82%
11,995 Klay Thompson
79%
13,779 Damian Lillard
78%
11,608 Kyrie Irving
76%
12,549 Paul George
76%
14,120 Carmelo Anthony
75%
15,359 DeMar Derozan
74%
11,700 Dirk Nowitzki
72%
11,906 Anthony Davis
70%
13,479 Blake Griffin
68%
15,266 LaMarcus Aldridge
57%
11,344 Kevin Love
55%
12,006 DeMarcus Cousins
48%
12,684 Kemba Walker
41%
No matching quizzes found
Score Distribution
Percent of People with Each Score
Percentile by Number Answered
Your Score History
You have not taken this quiz